1537 1291 1725 1457 1317 1646 1323 1317 1835 1942 1727 1277 1984 1316 1405 1127 1455 1600 1363 1304 1585 1843 1508 1449 1181 1459 1594 1718 1195 1080 1043 1542 1626 1677 1200 1671 1930 1694 1673 1781 1533 1762 1975 1703 1514 1770 1992 1055 1454 1607 1713 1439 1791 1080 1276 1318 1099 1935 1560 1244 1421 1632 1325 1029 1418 1434 1914 1774 1007 1168 1715 1091 1566 1889 1663 1200 1146 1496 1518 1251 1161 1067 1560 1781 1696 1850 1435 1224 1967 1127 1245 1714 1159 1863 1735 1614 1801 1973 1523 BCNSPRNW ULIB Ver.6.0+V

เปลี่ยนเป็นภาษาไทย

Change to English
 แสดงรายละเอียดบรรณานุกรม
  กลับหน้าหลัก

Brief Record : Get Marc (ISO 2709) : E-mail record : QR code < ปิดหน้าต่าง
LEADER : 00000nam 2200000uu 4500
001    13399127945
003     ULIB
008    211116s2019||||th 000 0 tha d
020    ^a9781975121365
060 04 ^aWB17^bL987L
100 1  ^aLynn, Pamela
245 10 ^aLippincott s photo atlas of medication administration /^cPamela, Lynn
246 Ph ^ato atlas of medication administration
250    ^a6th ed.
260    ^aPhiladelphia :^bLippincott Williams & Wilkins,^c2019
300    ^a115 p. :^bill. ;^c28 cm.
650  2 ^aDrug Therapy^xnurses instruction
650  2 ^aPharmaceutical Preparation^xnurses instruction
650  2 ^aPharmacology^xnurses instruction
650  2 ^aPharmaceutical Preparation^xadministration & dosage
945    ^p1555^l0^i008533
999    ^aประนอม เกษจรัล
รายการนี้ยังไม่มีแท็ก
คุณยังไม่ได้ล็อกอิน คุณสามารถมีกิจกรรมร่วมกับเว็บไซต์ได้ แต่ต้องล็อกอินก่อน ::
  ล็อกอิน

รายการสื่อสารสนเทศ

ลำดับที่ ประเภท เลขเรียก/บาร์โค้ด สถานที่ สถานะ
1. วิทยาศาสตร์การแพทย์ และสุขภาพ
หนังสือสำรอง
สถานะ=หนังสือสำรอง
WB17 L987L ฉ.1 
  Barcode: 008533
ห้องสมุดวิทยาเขตสวรรค์ประชารักษ์
►หนังสือทั่วไป
บนชั้น

รายการใกล้เคียง
    ผู้แต่ง [Lynn, Pamela]

BibComment


ยังไม่เคยถูกคอมเมนท์

คอมเมนท์ทรัพยากรรายการนี้
  คอมเมนท์: Lippincott s pho..


 Copyright 2026. Bcnsprnw @Library